000 00343 a2200157 4500
001 172031
020 _a
040 _cMagnum
100 _aMota, Carlos Guilherme
240 1 0 _aTiradentes e a inconfidencia
_lpor
245 1 0 _aTiradentes e a inconfidencia
362 0 _a1899
440 1 _aÁtica
697 _aPARADIDATICO
942 _cBK
999 _c172031
_d172031